LEADER 00753nam0-22003011i-450- 001 990003270020403321 005 20001010 035 $a000327002 035 $aFED01000327002 035 $a(Aleph)000327002FED01 035 $a000327002 100 $a20000920d1969----km-y0itay50------ba 101 0 $aita 105 $ay-------001yy 200 1 $a<>LIGURIA 210 $aGenova$cLibreria Editrice Mario Bozzi$d1969 215 $app. 218 610 0 $aLiguria 676 $a074.010 700 1$aFerro,$bGaetano$f<1925-2003>$067980 801 0$aIT$bUNINA$gRICA$2UNIMARC 901 $aBK 912 $a990003270020403321 952 $a074.010.FER.02$b702$fDECGE 959 $aDECGE 996 $aLIGURIA$9450574 997 $aUNINA DB $aING01